Norway True or False? - Statistics

General Stats
  • This quiz has been taken 2,060 times
  • The average score is 12 of 15
Answer Stats
Question Answer % Correct
Norway was invaded by Germany during WWII True
93%
Norway borders Russia True
93%
Norway has the most Winter Olympics medals of any country True
87%
Stavanger is the second most populous city in Norway False
85%
Norway has the longest coastline in Europe True
85%
Norway is a member of the European Union False
83%
Norway has a trillion dollar sovereign wealth fund True
83%
Norway has claimed part of the Antarctica True
81%
Mount Odin is the tallest mountain in Norway False
80%
Sonja Henie won her first Olympic medal when she was 15-years old True
80%
The painting "The Scream" was sold to Bill Gates in 2011 False
77%
Henrik Ibsen was the Prime Minister who made Sweden give Norway independence False
70%
Everybody may live and work in Svalbard indefinitely regardless of country of citizenship True
63%
The Norwegian language is one of the closest languages to English True
55%
Erik the Red discovered Iceland False
45%
No matching quizzes found
Score Distribution
Percent of People with Each Score
Percentile by Number Answered
Your Score History
You have not taken this quiz